| 000 | 00838nam a22002417a 4500 | ||
|---|---|---|---|
| 008 | 081212t xxu||||| |||| 00| 0beng d | ||
| 010 | _aENG-98115 | ||
| 020 |
_c210.00 _a9788174734358 |
||
| 035 | _aEN-81648 | ||
| 037 | _bDBAD / PUB | ||
| 040 |
_adpl _bEnglish |
||
| 082 | _a510.3 | ||
| 100 | _93724 | ||
| 245 |
_aDictionary of mathematics / _cedited & complied by Rakesh Kumar |
||
| 260 |
_aDelhi _bA.I.T.B.S. Publishers _c2009 |
||
| 270 |
_aJ-5/6, Krishan Nagar, _bDelhi _e110051 |
||
| 300 |
_a657p. _c23cm (pbk) |
||
| 600 |
_aBaba Visakha Singh _xBiography. _93725 |
||
| 650 |
_aBotony _96086 |
||
| 700 |
_94917 _aRakesh Kumar |
||
| 942 |
_2ddc _cEN _mDIC _h510.3 |
||
| 999 |
_c39322 _d39322 |
||